000 nam a22 7a 4500
999 _c28857
_d28857
008 170407b xxu||||| |||| 00| 0 eng d
020 _a0070120765
020 _a9780390682956
050 _aHD 29 .D73 2008
100 _aDragojevic Ilija
245 _aIntroduction to Business and economics /
_bIlija Dragojevic
260 _aCanada :
_bMc Graw-hill Campanies,
_c2008.
300 _aiii,294p :
_bill ;
_c28cm
440 _aRed river college ACME
650 _aEconomic Management
650 _aBusiness Economics
942 _2lcc
_cBOOKS
_hHD 29 .D73 2008